000 00769nam a2200241Ia 4500
003 OSt
005 20220925210715.0
006 a|||||r|||| 00| 0
007 ta
008 220923b |||||||| |||| 00| 0 eng d
037 _cGeneral Book
040 _aRTL
_cRTL
_beng
041 _2eng
_aeng
082 _aXM,9(J).4653.N58<--N53, K4
100 _aMundlak Yair
_9250897
245 0 _aEconomic analysis of established family farms in Israel 1953-1958
260 _aIsrael
_bJerusalem Post Press
_c1964
300 _axv172p.
_ccm.
490 _aFolk Project for Economic Research in Israel (Jerusalem)
650 _aCooperative Economics
942 _hXM,9(J).4653.N58<--N53, K4
_cGB
_2CC
999 _c555808
_d555808